00648nam a2200181 i 4500001000700000003000900007005001700016007000300033008004100036100002100077245008800098260006200186300002600248700002900274852002200303999001900325952012200344121696ES-MaACL20230906191814.0t|070214s1964 xxu |||| | eng d1 aHenry, O.96260210aO Henry's New York / cO. Henry ; selected with an introduction by J. Donald Adams. aGreenwich (Connecticut) : bFawcett Publications, c1964. aXI, 192 p. ; c18 cm.1 aAdams, J. Donald.918390 aES-MaACLjC-35394 c121696d121696 00104070aATENEOMbATENEOMcDEPO2d2008-01-17eSCl0oC-35394p1126821r2023-02-23 00:00:00w2023-02-23yMONOGRAFIA